Animaux commençant par la lettre D - Statistiques

Statistiques générales
  • Ce quiz a été pris 139 fois
  • Le résultat moyen est 4 sur 6
Statistiques - réponses
Type de quiz Animal % Correct
Oiseau Dindon
83%
Oiseau Dinde
73%
Mammifère Dauphin
72%
Mammifère Dromadaire
51%
Mammifère Daim
44%
Mammifère Dingo
41%
Aucun quiz correspondant
Distribution des résultats
% des personnes avec chaque résultat
Percentile par nombre de réponses
Votre historique - résultats
Vous n’avez pas pris ce quiz